00000000nam 2200000za 4500
0019.661435
003CaOODSP
00520210615120111
007ta
008150407|1999||||xxc|||||     f|0| 0 eng d
020 |a0-662-64591-X
040 |aCaOODSP|beng
041 |aeng
041 |afre
043 |an-cn---
0861 |aSE1-2/1999-3
24500|aReport of the Chief Electoral Officer of Canada following the November 15, 1999 by-elections held in Hull--Aylmer, Mount Royal, Saskatoon--Rosetown--Biggar, York West.
260 |aOttawa : |bElections Canada, |c1999.
300 |av, 21 p. ; |c28 cm.
546 |aBilingual
563 |aSoftcover
590 |a00-08|b2000-02-25
69007|aBy-elections|2gcpds
69007|aElectoral system|2gcpds
7102 |aElections Canada.
7760#|tRapport du directeur général des élections du Canada sur les élections partielles tenues le 15 novembre 1999 dans Hull--Aylmer, Mont-Royal, Saskatoon--Rosetown--Biggar, York-Ouest |w(CaOODSP)9.639933
7760#|tReport of the Chief Electoral Officer of Canada following the November 15, 1999 by-elections held in Hull--Aylmer, Mount Royal, Saskatoon--Rosetown--Biggar, York West |w(CaOODSP)9.695836
792 |tRapport du directeur général des élections du Canada sur les élections partielles tenues le 15 novembre 1999 dans Hull--Aylmer, Mont-Royal, Saskatoon--Rosetown--Biggar, York-Ouest.|efre|w(CaOODSP)9.661436